<?xml version="1.0" encoding="UTF-8"?>
<record
    xmlns:xsi="http://www.w3.org/2001/XMLSchema-instance"
    xsi:schemaLocation="http://www.loc.gov/MARC21/slim http://www.loc.gov/standards/marcxml/schema/MARC21slim.xsd"
    xmlns="http://www.loc.gov/MARC21/slim">

  <leader>01072nam a2200265Ia 4500</leader>
  <controlfield tag="003">IN-BaIIA</controlfield>
  <controlfield tag="008">211028s9999    xx            000 0 eng d</controlfield>
  <datafield tag="020" ind1=" " ind2=" ">
    <subfield code="a">978-1-58381-780-3</subfield>
  </datafield>
  <datafield tag="040" ind1=" " ind2=" ">
    <subfield code="c">IIA Library</subfield>
  </datafield>
  <datafield tag="080" ind1=" " ind2=" ">
    <subfield code="a">082.2:52</subfield>
    <subfield code="b">ASP-449</subfield>
  </datafield>
  <datafield tag="111" ind1=" " ind2=" ">
    <subfield code="a">Astronomical Polarimetry 2008</subfield>
    <subfield code="c">Quebec, Canada</subfield>
    <subfield code="d">2008 July 6-11</subfield>
    <subfield code="9">35113</subfield>
  </datafield>
  <datafield tag="245" ind1=" " ind2="0">
    <subfield code="a">Astronomical polarimetry 2008</subfield>
    <subfield code="b">science from small to large telescopes; proceedings of a workshop held in Quebec, Canada, July 6-11, 2008</subfield>
    <subfield code="c">edited by Pierre Bastien&#x2026;[et al.]</subfield>
  </datafield>
  <datafield tag="260" ind1=" " ind2=" ">
    <subfield code="a">San Francisco</subfield>
    <subfield code="b">Astronomical Society of the Pacific</subfield>
    <subfield code="c">2011</subfield>
  </datafield>
  <datafield tag="300" ind1=" " ind2=" ">
    <subfield code="a">xiii, 466p.</subfield>
  </datafield>
  <datafield tag="490" ind1=" " ind2=" ">
    <subfield code="a">Astronomical Society of the Pacific conference series; v. 449</subfield>
  </datafield>
  <datafield tag="650" ind1=" " ind2=" ">
    <subfield code="a">Astronomy - congresses</subfield>
    <subfield code="9">11249</subfield>
  </datafield>
  <datafield tag="650" ind1=" " ind2=" ">
    <subfield code="a">Large telescope - congresses</subfield>
    <subfield code="9">35114</subfield>
  </datafield>
  <datafield tag="650" ind1=" " ind2=" ">
    <subfield code="a">Polarimetry - congresses</subfield>
    <subfield code="9">30789</subfield>
  </datafield>
  <datafield tag="650" ind1=" " ind2=" ">
    <subfield code="a">Small telescope - congresses</subfield>
    <subfield code="9">35115</subfield>
  </datafield>
  <datafield tag="700" ind1=" " ind2=" ">
    <subfield code="a">Bastien, Pierre, ed.</subfield>
    <subfield code="9">35116</subfield>
  </datafield>
  <datafield tag="700" ind1=" " ind2=" ">
    <subfield code="a">Clemens, D. P., ed.</subfield>
    <subfield code="9">35117</subfield>
  </datafield>
  <datafield tag="700" ind1=" " ind2=" ">
    <subfield code="a">Manset, Nadine, ed.</subfield>
    <subfield code="9">35118</subfield>
  </datafield>
  <datafield tag="700" ind1=" " ind2=" ">
    <subfield code="a">St-Louis, Nicole., ed.</subfield>
    <subfield code="9">22339</subfield>
  </datafield>
  <datafield tag="942" ind1=" " ind2=" ">
    <subfield code="c">BK</subfield>
  </datafield>
  <datafield tag="999" ind1=" " ind2=" ">
    <subfield code="c">18330</subfield>
    <subfield code="d">18330</subfield>
  </datafield>
  <datafield tag="952" ind1=" " ind2=" ">
    <subfield code="0">0</subfield>
    <subfield code="1">0</subfield>
    <subfield code="4">0</subfield>
    <subfield code="7">0</subfield>
    <subfield code="a">BAN</subfield>
    <subfield code="b">BAN</subfield>
    <subfield code="c">GEN</subfield>
    <subfield code="d">2012-08-23</subfield>
    <subfield code="l">0</subfield>
    <subfield code="o">082.2:52/ ASP-449</subfield>
    <subfield code="p">19252</subfield>
    <subfield code="r">2021-11-05</subfield>
    <subfield code="w">2012-08-23</subfield>
    <subfield code="y">BK</subfield>
    <subfield code=" ">77.00</subfield>
  </datafield>
</record>
